Water-cement ratio versus strength, another look /

Bibliographic Details
Main Author: Gilkey, Herbert James, 1890-
Format: Book
Language:English
Published: Ames : Iowa Engineering Experiment Station, Iowa State University, 1962.
Series:Engineering report (Iowa Engineering Experiment Station) ; 35.
Iowa State University bulletin ; v. 60, no. 38.
Subjects:

MARC

Tag First Indicator Second Indicator Subfields
LEADER 00000cam a2200000 a 4500
001 in00000069540
005 20151008054502.0
008 790314s1962 iaua b s00010 eng d
035 |a (OCoLC)04739952 
035 |9 AAJ0805AM 
040 |a UUM  |c UUM  |d TXA  |d UtOrBLW 
049 |a TXAM  |c [1163343] 
090 |a TA7  |b .I83 no.35 
100 1 |a Gilkey, Herbert James,  |d 1890- 
245 1 0 |a Water-cement ratio versus strength, another look /  |c by Herbert J. Gilkey and discussions by several authors. 
264 1 |a Ames :  |b Iowa Engineering Experiment Station, Iowa State University,  |c 1962. 
300 |a 24 pages :  |b illustrations ;  |c 28 cm. 
336 |a text  |b txt  |2 rdacontent 
337 |a unmediated  |b n  |2 rdamedia 
338 |a volume  |b nc  |2 rdacarrier 
490 1 |a Engineering report / Iowa Engineering Experiment Station ;  |v 35 
490 1 |a Iowa State University bulletin ;  |v  v. 60, no. 38 
500 |a "Reprinted from ACI journal proceedings." 
504 |a Includes bibliographical references. 
650 0 |a Concrete  |x Testing. 
830 0 |a Engineering report (Iowa Engineering Experiment Station) ;  |v 35. 
830 0 |a Iowa State University bulletin ;  |v  v. 60, no. 38. 
999 |a MARS 
999 f f |s 8d883cd4-ea6a-3073-96cd-5df0f21d021d  |i a58706e1-edb4-37f3-bee9-767de7706a6f  |t 0 
952 f f |p ric  |a Texas A&M University  |b Rellis Campus  |c Joint Library Facility  |d Remote Storage  |t 0  |e TA7 .I83 no.35  |h Library of Congress classification  |i unmediated -- volume  |m A14806240922 
998 f f |a TA7 .I83 no.35  |t 0  |l Remote Storage